عرض عادي
عرض مارك
- Barlas, Gerassimos,
مدخل إسم شخص
001 - رقم الضبط
- حقل الضبط: 88234
003 - معرف رقم الضبط
- حقل الضبط: OSt
005 - تاريخ ووقت أخر عملية
- حقل الضبط: 20210304175138.0
008 - عناصر بيانات ثابتة الطول
- حقل تحكم ثابت الطول: 210304|| aca||aabn | a|a d
040 ## - مصدر الفهرسة
- هيئة الفهرسة الأصلية: OSt
- وكالة الكتابة: OSt
100 ## - مدخل -- أسم شخص
- إسم شخص: Barlas, Gerassimos,
670 ## - بيانات المصدر موجوده
- الاستشهاد بالمصدر: Work cat.: (OSt)0: Barlas, Gerassimos, author, Multicore and GPU Programming
